000
00315nam a22001457a 4500
008
230613b ||||| |||| 00| 0 eng d
020
_a
9781305265397
041
_a
eng
080
_a
615
082
_a
615HAL
100
_a
16
101
_a
EGZ
245
_a
AN INVITATION TO HEALTH
_c
HALES .D
942
_2
udc
_c
BK
999
_c
59953
_d
59953